000 00581nam a2200229Ia 4500
003 OSt
005 20221005133224.0
006 a|||||r|||| 00| 0
007 ta
008 221004b |||||||| |||| 00| 0 san d
024 _a53893
037 _cTextual
040 _aCRL
_cCRL
_bsan
041 _2san
_asan
082 _aO15,1A2:g, 32L6
100 _aNamboothiripad Au.
_9637120
245 0 _aVyasapranamam
260 _c1976
650 _aSANSKRIT LITERATURE
942 _hO15,1A2:g, 32L6
_cTEXL
_2cc
999 _c1066176
_d1066176